| 000 | 00881nam a22001937a 4500 | ||
|---|---|---|---|
| 999 |
_c58134 _d58134 |
||
| 005 | 20210624135225.0 | ||
| 008 | 210624s2016 enk||||| |||| 00| 0 eng d | ||
| 020 | _a9780199743070 | ||
| 041 | _aeng | ||
| 080 | _a364.694 W-14 | ||
| 100 |
_aWang, Mian _912116 |
||
| 245 |
_aSupporting Families of Children With Developmental Disabilities : _bEvidence-based and Emerging Practices / _cMian Wang, George H. S. Singer. |
||
| 264 |
_aOxford : _bUniversity Press, _c2016. |
||
| 300 |
_a355 p. _b23 cm. |
||
| 653 | _aგანვითარების შეზღუდული შესაძლებლობის მქონე ბავშვების ოჯახების დახმარება | ||
| 653 | _aПоддержка семей детей с отклонениями в развитии | ||
| 700 |
_aSinger, George H. S. _912117 |
||
| 942 |
_2udc _cBK |
||